The art of bird-watching : a practical guide to field observation /

Bibliographic Details
Main Author: Nicholson, E. M. (Edward Max)
Format: Book
Language:English
Published: New York : Scribner's, 1932.
Series:The sports and pastimes library
Subjects:

MARC

Tag First Indicator Second Indicator Subfields
LEADER 00000cam a2200000 i 4500
001 in00000037479
005 20151007074318.0
008 780428s1932 nyuabf 00110 eng d
035 |a (OCoLC)03834826 
035 |9 AAF1313AM 
040 |a CWR  |c CWR  |d TXA  |d UtOrBLW 
049 |a TXAM  |c [158054] 
090 |a QL676  |b .N47 1932 
092 |a 598.2  |b N625a 
100 1 |a Nicholson, E. M.  |q (Edward Max) 
245 1 4 |a The art of bird-watching :  |b a practical guide to field observation /  |c by E. M. Nicholson ... 
264 1 |a New York :  |b Scribner's,  |c 1932. 
300 |a 217 pages, 1 unnumbered page including plate, maps, tables, diagrams :  |b frontispiece, 5 plates ;  |c 23 cm. 
336 |a text  |b txt  |2 rdacontent 
337 |a unmediated  |b n  |2 rdamedia 
338 |a volume  |b nc  |2 rdacarrier 
490 0 |a The sports and pastimes library 
650 0 |a Birds. 
999 |a MARS 
999 f f |s ec56a7e4-5836-365d-abc0-19a28b5797f8  |i 2d70e1f8-43a1-3821-90e0-e4278898bf0f  |t 0 
952 f f |p ric  |a Texas A&M University  |b Rellis Campus  |c Joint Library Facility  |d Remote Storage  |t 0  |e QL676 .N47 1932  |h Library of Congress classification  |i unmediated -- volume  |m A14801021967 
998 f f |a QL676 .N47 1932  |t 0  |l Remote Storage